Enhancing Dspace with multi-faceted search: the case of Dspace at SEECS-NUST-Pakistan (Record no. 11358)

000 -LEADER
fixed length control field 00549 a2200133 4500
082 ## - DEWEY DECIMAL CLASSIFICATION NUMBER
Classification number MS-IT-9
100 ## - MAIN ENTRY--PERSONAL NAME
Personal name Sauleha Javed Durrani
9 (RLIN) 99064
245 ## - TITLE STATEMENT
Title Enhancing Dspace with multi-faceted search: the case of Dspace at SEECS-NUST-Pakistan
Statement of responsibility, etc. Sauleha Javed Durrani
260 ## - PUBLICATION, DISTRIBUTION, ETC.
Place of publication, distribution, etc. Islamabad
Name of publisher, distributor, etc. NUST-SEECS
Date of publication, distribution, etc. 2011
300 ## - PHYSICAL DESCRIPTION
Extent 83p.
Other physical details ;ill.
Dimensions ;27cm.+
Accompanying material CD ROM
500 ## - GENERAL NOTE
General note Supervisors: Dr. Shafirullah Khan, Dr. Khalid Latif, Mr. Aatif Kamal, Mr. Muhammad Bilal
856 ## - ELECTRONIC LOCATION AND ACCESS
Uniform Resource Identifier <a href="http://10.250.8.41:8080/xmlui/handle/123456789/32210">http://10.250.8.41:8080/xmlui/handle/123456789/32210</a>
942 ## - ADDED ENTRY ELEMENTS (KOHA)
Koha item type Project Report
Call number prefix MS-IT-9 SAU
Source of classification or shelving scheme
Holdings
Withdrawn status Lost status Damaged status Not for loan Permanent Location Current Location Total Checkouts Full call number Barcode Date last seen Price effective from Koha item type
        Central Library (CL) Central Library (CL)   MS-IT-9 SAU SEECSP01237 11/14/2012 11/14/2012 Project Report
© 2023 Central Library, National University of Sciences and Technology. All Rights Reserved.